Gray's anatomy for students (Record no. 116)

MARC details
000 -LEADER
fixed length control field 00573nam a22002177a 4500
003 - CONTROL NUMBER IDENTIFIER
control field OSt
005 - DATE AND TIME OF LATEST TRANSACTION
control field 20140702190257.0
008 - FIXED-LENGTH DATA ELEMENTS--GENERAL INFORMATION
fixed length control field 140702b xxu||||| |||| 00| 0 eng d
020 ## - INTERNATIONAL STANDARD BOOK NUMBER
International Standard Book Number 9780808924067
040 ## - CATALOGING SOURCE
Transcribing agency DNLM
082 ## - DEWEY DECIMAL CLASSIFICATION NUMBER
Classification number QS4 D782 2010
Item number D
100 ## - MAIN ENTRY--PERSONAL NAME
Personal name Drake, Richard L.
9 (RLIN) 313
245 ## - TITLE STATEMENT
Title Gray's anatomy for students
250 ## - EDITION STATEMENT
Edition statement 2nd ed.
260 ## - PUBLICATION, DISTRIBUTION, ETC. (IMPRINT)
Place of publication, distribution, etc. Philadelphia:
Name of publisher, distributor, etc. Churchill
Date of publication, distribution, etc. 2010
300 ## - PHYSICAL DESCRIPTION
Extent xxv,1103p;
Other physical details col.Ill:
Dimensions 28cm
504 ## - BIBLIOGRAPHY, ETC. NOTE
Bibliography, etc Index included.
650 ## - SUBJECT ADDED ENTRY--TOPICAL TERM
Topical term or geographic name as entry element Anatomy
9 (RLIN) 124
700 ## - ADDED ENTRY--PERSONAL NAME
Personal name Vogl Wayne A., Mitchell Adam W.M.
9 (RLIN) 314
942 ## - ADDED ENTRY ELEMENTS (KOHA)
Source of classification or shelving scheme Other/Generic Classification Scheme
Koha item type Open Shelf
Holdings
Withdrawn status Lost status Source of classification or shelving scheme Damaged status Not for loan Home library Current library Date acquired Source of acquisition Inventory number Total Checkouts Total Renewals Full call number Barcode Date last seen Date last checked out Price effective from Koha item type
    Other/Generic Classification Scheme     MUST Main Library MUST Main Library 02/07/2014   13/37062 4 1 QS4 D782 2010 D 2014-0155 14/03/2017 28/02/2017 02/07/2014 Open Shelf
    Other/Generic Classification Scheme     MUST Main Library MUST Main Library 23/09/2014   2011/34815     QS4 D782 2010 2014-2952 23/09/2014   23/09/2014 Short Loan
    Other/Generic Classification Scheme     MUST Main Library MUST Main Library 28/02/2017   13/37062     QS4 D782 2010 D 2017-0275 28/02/2017   28/02/2017 Open Shelf